000
00191 a2200097 4500
001
126830
040
_c
Escola Canadense de Niteroi
090
_a
MP
245
1
0
_a
Pé de madeira
942
_c
MATP
999
_c
126830
_d
126830